Banderas con la Cruz nórdica - Estadísticas

Estadísticas generales
  • Esta prueba ha sido intentada 24 veces
  • La puntuación promedio es 6 de 7
Estadísticas de respuestas
Imagen Hint Respuesta % Correcto
Dinamarca
100%
Finlandia
100%
Suecia
100%
Islandia
95%
Noruega
95%
(nación constituyente) Islas Feroe
75%
(región autónoma) Äland
50%
No se encontraron pruebas coincidentes
Distribución de puntuación
Porcentaje de gente con cada puntuación
Porcentaje por número respondido
Historial de tus puntuaciones
No has intentado esta prueba.